The Silmarillion: All characters starting with U - Statistics

General Stats
  • This quiz has been taken 33 times
  • The average score is 5 of 8
Answer Stats
Hint Answer % Correct
A Vala, called Lord of Waters and King of the Sea: Ulmo
96%
The great spider, destroyer with Melkor of the Trees of Valinor: Ungoliant
88%
A Maia, Lady of the Seas, spouse of Osse: Uinen
79%
A chieftain of the Easterlings, who with his three sons followed Caranthir, and proved faithless in the Nirnaeth Arnoediad: Ulfang
75%
Called the Accursed; son of Ulfang the Black, slain by Maglor in the Nirnaeth Arnoediad: Uldor
63%
Son of Ulfang the Black, slain by the sons of Bor in the Nirnaeth Arnoediad: Ulfast
54%
Son of Ulfang the Black, slain by the sons of Bor in the Nirnaeth Arnoediad: Ulwarth
46%
One of the twelve companions of Barahir on Dorthonion: Urthel
29%
No matching quizzes found
Score Distribution
Percent of People with Each Score
Percentile by Number Answered
Your Score History
You have not taken this quiz